00965nam a2200205 a 450000100100000000500170001000800410002702000150006804000250008310000400010824502090014826000610035730000350041849000440045370000470049770000440054483000490058895201050063799900170074200003671120200930075905.0120125s1997 es a 000 0 spa d a8478203648 aDO-SdBNPbspacBNPHU aNebra, José dec1702-1768.96301110aPara obsequio a la deydad :bnunca es culto la crueldad :y Iphigenia en Tracia /cJosé de Nebra ; texto de Nicolás González Martínez ; estudio y transcripción María Salud Álvarez Martínez. aZaragoza :bInstitución Fernando el Católico,c1997. a1 partitura (383 p.) ;c32 cm.1 aObra selecta.aMúsica escénica ;v212aÁlvarez Martínez, María Salud96301212aGonzález Martínez, Nicolás963013 0aObra selecta.pMúsica escénicav2963014 001050718MOaGRbGRcCTd2012-01-25iLF1l0o p36711-10r2020-06-25w2020-06-25y1ZNo se presta c36202d36202